000 00500nam a2200133Ia 4500
008 200925s9999 xx 000 0 und d
020 _a978-621-8035-58-4
100 _aDoyugan, Concepcion G.
245 _cConcepcion G. Doyugan.--
_aOral communication in various context :
_bA Journey towards communicative competence /
260 _aQuezon City :
_bLorimar Publishing, Inc.
_c2019
300 _aviii , 177 pages :
_billustrations ;
_c27 cm.
650 _aOral communication
650 _aPublic speaking
999 _c364509
_d364509